Cell biology : A short course
Αποθηκεύτηκε σε:
| Άλλοι συγγραφείς: | |
|---|---|
| Μορφή: | Βιβλίο |
| Γλώσσα: | English |
| Δημοσίευση: |
Hoboken, NJ :
Willey-Blackwell,
c2011
|
| Έκδοση: | 3rd ed. |
| Θέματα: | |
| Ετικέτες: |
Προσθήκη ετικέτας
Δεν υπάρχουν, Καταχωρήστε ετικέτα πρώτοι!
|
MARC
| LEADER | 00000nam a2200000 i 4500 | ||
|---|---|---|---|
| 001 | 1/24063 | ||
| 008 | 121205s2011 eng d | ||
| 020 | |a 978-0-470-52699-6 (pbk) | ||
| 035 | |l 10113367 | ||
| 040 | |a GR-MY-UA |b gre |e aacr | ||
| 041 | 0 | |a eng | |
| 082 | 0 | |a 571.6 |2 (22) | |
| 245 | 1 | 0 | |a Cell biology : |b A short course / |c Stephen R. Bolsover ...[et al.] |
| 250 | |a 3rd ed. | ||
| 260 | |a Hoboken, NJ : |b Willey-Blackwell, |c c2011 | ||
| 300 | |a 412 σ.; |b eik.; |c 28 εκ. | ||
| 504 | |a Περιέχει βιβλιογραφίες και ευρετήριο. | ||
| 650 | 0 | 0 | |a Cytology. |
| 700 | 1 | |a Bolsover, Steven R. |d 1954- | |
| 852 | |a INST |b LEMNOS |e 20121205 |h 571.6 CELL |p 005600000661 |q 005600000661 |t BK |y 0 | ||
| 901 | |a BIBL6-2012-3 | ||
| 909 | |a Μ |b 177524 | ||
| 922 | |a 6ΕΛΗ |b 201210 |c ΠΑΡΑΡΤΗΜΑ ΒΙΒΛΙΟΘΗΚΗΣ ΛΗΜΝΟΥ |d ΙΩΑΝΝΙΔΟΥ | ||
| 970 | |a ΤΣΟΥΚΑΛΑ |b ΑΛΙΚΗ | ||